| 000 | 00468nam a2200181Ia 4500 | ||
|---|---|---|---|
| 005 | 20250423094901.0 | ||
| 008 | 250422s9999 xx 000 0 und d | ||
| 020 | _a8171870023 | ||
| 050 | _aPE 1109 .M878/ | ||
| 100 | _aMurthy, Jayanthi Dakshina | ||
| 245 | 0 | _aContemporary English grammar : reference and practice through real English | |
| 260 | _aNew Delhi | ||
| 260 | _bBook Palace | ||
| 260 | _c1998 | ||
| 300 | _a552 p | ||
| 650 | _aEnglish | ||
| 942 | _cBK | ||
| 999 |
_c28586 _d28586 |
||